| 000 | 00345nam a2200133Ia 4500 | ||
|---|---|---|---|
| 008 | 210210b1971 xxu||||| |||| 00| 0 eng d | ||
| 082 | _a371 SARC | ||
| 100 | _aSARASON (Seymour). | ||
| 245 | _aCulture of the school and the problem of change. | ||
| 260 |
_aBoston _bAllyn & Bacon _c1971 |
||
| 300 | _a246 | ||
| 690 | _aEducation | ||
| 906 | _a041144 | ||
| 999 |
_c91166 _d91166 |
||